000 00952cam a22002531i 4500
003 SA-RiAUC
005 20250114084441.0
008 250104s2007 su g 000 0 ara c
040 _aBSALEHC
_bara
_cSA-RiAUC
_erda
082 0 4 _a255
090 _a255
_bج و ف
100 1 _aالجوفان، ناصر بن محمد
_eمؤلف.
245 1 2 _aالتعويض عن السجن :
_bدراسة مقارنة /
_cناصر بن محمد الجوفان.
250 _aالطبعة الأولى.
264 1 _aالرياض :
_bمكتبة الرشد للنشر والتوزيع،
_c2007
300 _a183 صفحة ؛
_c24 سم
336 _aنص
_btxt
_2rdacontent
_3كتاب
337 _aبدون وسيط
_bn
_2rdamedia
338 _aمجلد
_bnc
_2rdacarrier
650 7 _aالعقوبات (فقه إسلامي)
_2aucsh
650 7 _aالتعويضات (فقه إسلامي)
_2aucsh
942 _2ddc
_cBOOK
_n0
949 _aSA-JeALM
_d250104
_umohamedma123
_n1
999 _c4764
_d4764